000 01010nam a22002177a 4500
005 20250122085206.0
008 250122b ||||| |||| 00| 0 eng d
020 _a9788126540495
040 _cAL
041 _aeng
082 _223
_a547.2
_bWYAO
100 _aPaul Wyatt
_9194397
245 _aOrganic synthesis
_b: strategy and control
260 _aNew Delhi
_bWiley
_c2018
300 _avi,909p
_bPB
_c23x17.5cm.
365 _2General
_aABDI/0786/25
_b₹5995.00
_c
_d₹4496.25
_e25%
_f6/01/2024
520 _aOrganic Synthesis: Strategy and Control is the long-awaited sequel to Stuart Warren's bestseller Organic Synthesis: The Disconnection Approach, which looked at the planning behind the synthesis of compounds. This unique book now provides a comprehensive, practical account of the key concepts involved in synthesising compounds and focuses on putting the planning into practice.
650 _2Chemistry
_aOrganic Chemistry
_9194398
700 _aWarren, Stuart
_9194399
942 _2ddc
_cBK
999 _c233677
_d233677